Statistics for Every Dime in American Coinage History

Click here to take the quiz!

General Stats

  • This quiz has been taken 14 times
  • The average score is 4 of 7

Answer Stats

Years of MintageAnswer% Correct
1965-2019Roosevelt Dime
92%
1946-1964Silver Roosevelt Dime
92%
1892-1916Barber Dime
75%
1916-1945Mercury Dime
58%
1837-1891Seated Liberty Dime
50%
1809-1837Capped Bust Dime
33%
1796-1807Draped Bust Dime
33%

Score Distribution

Percentile by Number Answered

Percent of People with Each Score

Your Score History

You have not taken this quiz